000 00335nam a2200145Ia 4500
008 230718s9999 xx 000 0 und d
041 _aEng.
082 _a341-76
_bMAH-J
100 _aMahal & Mushtaq Ahmed
245 0 _aJudicial quide
260 _aPakistan
_bKey low deports
_c1985
300 _a987
650 _aLaw
999 _c26559
_d26559